| LEADER 00000nam 2200000uu 4500 |
| 001 209068 |
| 003 ULIBM |
| 008 130814s2556||||th 000 0 tha d |
| 020 ^a9786162792021
|
| 041 0 ^atha
|
| 060 4 ^aWA100 ส743 2556
|
| 245 00 ^aสุขภาพคนไทย 2556 :^bปฏิรูปประเทศไทย ปฏิรูปโครงสร้างอำนาจ เพิ่มพลังพลเมือง./^cสถาบันวิจัยประชากรและสังคม มหาวิทยาลัยมหิดล.
|
| 246 30 ^a
|
| 250 ^aพิมพ์ครั้งที่ 1
|
| 260 ^aนครปฐม : ^bสถาบันวิจัยประชากรและสังคม มหาวิทยาลัยมหิดล,^c2556
|
| 300 ^a195 หน้า ; ^bภาพประกอบ
|
| 490 1 ^aเอกสารทางวิชาการ (สถาบันวิจัยประชากรและสังคม มหาวิทยาลัยมหิดล) ;^bหมายเลข 404
|
| 500 ^aปฏิรูปประเทศไทย ปฏิรูปโครงสร้างอำนาจ เพิ่มพลังพลเมือง
|
| 500 ^aฉบับครบรอบ 1 ทศวรรษ
|
| 650 4 ^aความขัดแย้งทางการเมือง
|
| 650 4 ^aการก่อการร้าย ^zไทย(ภาคใต้)
|
| 650 4 ^aการปฎิรูปสังคม ^zไทย
|
| 650 4 ^aความยุติธรรมทางสังคม
|
| 650 4 ^aนโยบายด้านสาธารณสุข
|
| 650 4 ^aดัชนีสุขภาพ
|
| 650 4 ^aพฤติกรรมทางเพศ
|
| 710 2 ^aมหาวิทยาลัยมหิดล. สถาบันวิจัยประชากรและสังคม.
|
| 710 2 ^aสำนักงานกองทุนสนับสนุนการสร้างเสริมสุขภาพ (สสส.)
|
| 710 2 ^aสำนักงานคณะกรรมการสุขภาพแห่งชาติ (สช.)
|
| 999 ^aใช้งานได้ทุกระบบ
|